| 000 | 00399nam a2200121Ia 4500 | ||
|---|---|---|---|
| 008 | 220615s9999||||xx |||||||||||||| ||und|| | ||
| 100 | _aFörster, Annette | ||
| 245 | 0 |
_aWomen in the Silent Cinema _bHistories of Fame and Fate |
|
| 546 | _aEnglish[eng] | ||
| 650 | _aArts||video art||film theory | ||
| 856 | _uhttps://library.oapen.org/bitstream/20.500.12657/23348/1/9789048524518.pdf | ||
| 942 | _cEB | ||
| 999 |
_c11680 _d11680 |
||